000 00793nam a22002290a 4500
001 PT36120
003 AR-LpoUNG
005 20230307152412.0
007 kk |||
040 _aAR-LpoUNG
_bspa
_cAR-LpoUNG
_eaacr
082 0 _a982.065 687des
245 0 0 _a[Desaparecidos] [afiche]
260 _c1978.
300 _a1 lám. : col. : 53 x 68 cm.
500 _aEl afiche pertenece a la colección de Derechos Humanos del Sr. Carlos Martinez Vidal. El item se encuentra enmarcado y en el mismo se puede leer: "After a while I noticed that in the were other people". - "Luego de un tiempo me di cuenta que en la habitación había otra gente."
650 4 _aARGENTINA
650 4 _aDERECHOS HUMANOS
650 4 _aDICTADURA
650 4 _aHISTORIA POLITICA
905 _a36120
942 _cAFICHE
999 _c63863
_d63863